WILLIAMS OBSTRETRICS (Record no. 214640)

MARC details
000 -LEADER
fixed length control field 00509nam a22001937a 4500
008 - FIXED-LENGTH DATA ELEMENTS--GENERAL INFORMATION
fixed length control field 250129b |||||||| |||| 00| 0 eng d
020 ## - INTERNATIONAL STANDARD BOOK NUMBER
International Standard Book Number 9781264598434
050 ## - LIBRARY OF CONGRESS CALL NUMBER
Classification number RG 524.W55 2022
Item number C.3
100 ## - MAIN ENTRY--PERSONAL NAME
Personal name CUNNINGHAM,F.GARY
245 ## - TITLE STATEMENT
Title WILLIAMS OBSTRETRICS
250 ## - EDITION STATEMENT
Edition statement 26TH ED
260 ## - PUBLICATION, DISTRIBUTION, ETC.
Place of publication, distribution, etc. U.S
Name of publisher, distributor, etc. MC GRAW HILL
Date of publication, distribution, etc. 2022
300 ## - PHYSICAL DESCRIPTION
Extent XVI: ILL;1304P.
500 ## - GENERAL NOTE
General note INCLUDES BIBLIOGRAPHICAL REFERENCES AND INDEX
650 ## - SUBJECT ADDED ENTRY
Topical term or geographic name entry element Obstetrics
700 ## - ADDED ENTRY--PERSONAL NAME
Personal name ET-AL
942 ## - ADDED ENTRY ELEMENTS (KOHA)
Source of classification or shelving scheme Library of Congress Classification
Koha item type Long Loan Book
Holdings
Withdrawn status Lost status Source of classification or shelving scheme Damaged status Not for loan Collection Home library Current library Shelving location Date acquired Inventory number Total checkouts Full call number Barcode Date last seen Copy number Price effective from Koha item type
    Library of Congress Classification     Medicine Kisii University Library Kisii University Library On Display 01/29/2025 106455   RG 524. W55 2022 000000021584 01/29/2025 C.3 01/29/2025 Long Loan Book
    Library of Congress Classification     Medicine Kisii University Library Kisii University Library On Display 01/29/2025 106454   RG 524. W55 2022 000000021585 01/29/2025 C.2 01/29/2025 Long Loan Book
    Library of Congress Classification     Medicine Kisii University Library Kisii University Library On Display 01/29/2025 106453   RG 524. W55 2022 000000021586 01/29/2025 C.1 01/29/2025 Long Loan Book